000 00464nam a2200181Ia 4500
003 GCL
008 140319s9999 xx 000 0 eng d
040 _aGCL /
_cGCL
082 0 4 _a004.67
_bH P
100 1 _aHOLTZ, SHEL
245 1 0 _aP C WEEK: THE INTRANET ADVANTAGE /
_cHOLTZ, SHEL
260 _a[S.N] :
_bZIFF - DAVIS PRESS ،
_c1996
300 _a407 P
650 0 4 _aشعر الحرب
650 0 4 _aWORLD WIDE WEB
650 0 4 _aINTERNET
942 _2ddc
_cBK
999 _c13829
_d13829